[Event "IND-ch U15"]
[Site "Mumbai"]
[Date "2009.11.07"]
[Round "9"]
[White "Koushik, Girish A"]
[Black "Gagare, Shardul"]
[Result "1-0"]
[WhiteElo "2246"]
[BlackElo "2138"]
[PlyCount "93"]
[EventDate "2009.11.01"]
[EventType "swiss"]
[EventRounds "11"]
[EventCountry "IND"]
[SourceTitle "EXT 2011"]
[Source "ChessBase"]
[SourceDate "2010.11.26"]
[SourceVersion "1"]
[SourceVersionDate "2010.11.26"]
[SourceQuality "1"]

1. d4 d5 2. Nf3 Nf6 3. c4 dxc4 4. e3 e6 5. Bxc4 a6 6. a4 c5 7. 0-0 Nc6 8. Nc3 Be7 9. Qe2 cxd4 10. Rd1 0-0 11. Nxd4 Qc7 12. e4 Nxd4 13. Rxd4 Nd7 14. Rd1 Bd6 15. h3 Bc5 16. Ba2 Qg3 17. Rd3 Qh4 18. Be3 Bxe3 19. Qxe3 Ne5 20. Rd2 Ng6 21. e5 b5 22. Bb1 b4 23. Rd4 Qe7 24. Ne2 Bb7 25. Bxg6 hxg6 26. Rad1 Rfd8 27. Rd6 Bd5 28. Rb6 a5 29. Nf4 Bc4 30. Rbd6 g5 31. Qd4 Rxd6 32. exd6 Qf6 33. Qxc4 gxf4 34. Qc7 Qd8 35. Qc4 Qf6 36. d7 Rd8 37. Qc5 e5 38. Qxa5 Qe7 39. Qc7 g5 40. a5 e4 41. a6 Kf8 42. a7 e3 43. Qxd8+ Qxd8 44. a8Q Qxa8 45. d8Q+ Qxd8 46. Rxd8+ Ke7 47. Rd1 1-0

[Event "IND-ch U15"]
[Site "Mumbai"]
[Date "2009.11.06"]
[Round "7"]
[White "Prince, Bajaj"]
[Black "Koushik, Girish A"]
[Result "1/2-1/2"]
[WhiteElo "2152"]
[BlackElo "2246"]
[PlyCount "44"]
[EventDate "2009.11.01"]
[EventType "swiss"]
[EventRounds "11"]
[EventCountry "IND"]
[SourceTitle "EXT 2011"]
[Source "ChessBase"]
[SourceDate "2010.11.26"]
[SourceVersion "1"]
[SourceVersionDate "2010.11.26"]
[SourceQuality "1"]

1. e4 e5 2. Nf3 Nc6 3. Bb5 Nd4 4. Bc4 d6 5. c3 Nxf3+ 6. Qxf3 Nf6 7. d4 Be7 8. h3 0-0 9. 0-0 c6 10. dxe5 dxe5 11. Be3 b5 12. Rd1 Qc7 13. Bb3 Nd7 14. Nd2 Nc5 15. Bc2 Ne6 16. Nf1 Re8 17. Ng3 g6 18. Rd2 Nf4 19. Rad1 a5 20. a4 b4 21. Bb3 Rb8 22. Bc4 Bf8 1/2-1/2

[Event "IND-ch U15"]
[Site "Mumbai"]
[Date "2009.11.02"]
[Round "3"]
[White "Darpan, Inani"]
[Black "Koushik, Girish A"]
[Result "0-1"]
[WhiteElo "1953"]
[BlackElo "2246"]
[PlyCount "64"]
[EventDate "2009.11.01"]
[EventType "swiss"]
[EventRounds "11"]
[EventCountry "IND"]
[SourceTitle "EXT 2011"]
[Source "ChessBase"]
[SourceDate "2010.11.26"]
[SourceVersion "1"]
[SourceVersionDate "2010.11.26"]
[SourceQuality "1"]

1. e4 e5 2. Bc4 Nf6 3. d3 Nc6 4. Nf3 h6 5. Nbd2 d6 6. c3 g6 7. Bb3 Bg7 8. h3 0-0 9. 0-0 Nh5 10. Re1 Nf4 11. Nf1 g5 12. Ne3 Ne7 13. d4 Bd7 14. Nd5 Neg6 15. Nxf4 gxf4 16. dxe5 dxe5 17. Qe2 Kh8 18. Bd2 Qe7 19. Rad1 Bf6 20. Kh2 Rg8 21. Bc1 Rg7 22. Rg1 Rag8 23. Bd2 Bc8 24. Bc1 Nh4 25. Nxh4 Bxh4 26. Qf3 Qf6 27. Bd2 h5 28. Qxh5+ Rh7 29. Qe2 Bg3+ 30. Kh1 Bxh3 31. gxh3 Rxh3+ 32. Kg2 f3+ 0-1